Obálka
Pro půjčování e-knih musíte být přihlášeni.
Jak si půjčit online?

Když se v zimě zachumláš... Pohádky do pelíšku /

Když se v zimě zachumláš... Pohádky do pelíšku To je bezvadná věc, mít takový pelíšek, do kterého se můžeš zachumlat, když je ti smutno na duši anebo je venku nevlídno, když je tu zima a brzy se stmívá a ještě je brzy na spaní... Tam se můžeš schoulit a vzít si sebou všechno, co máš rád, pomazlit pa...

Celý popis

Uloženo v:
Hlavní autor: Viewegh, Michal (Autor)
Další autoři: Eben, Marek (Autor), Gajerová, Naďa (Vypravěč-komentátor), Štáchová, Helena (Vypravěč-komentátor), Dvořák, Josef (Vypravěč-komentátor), Bohdalová, Jiřina (Vypravěč-komentátor), Hrušínský, Rudolf (Vypravěč-komentátor)
Médium: E-audiokniha
Vydáno: Praha : Supraphon a.s., 2025
Tagy:
Žádné tagy
LEADER 02764nim a22004097i 4500
001 302479
007 sr nunnnnnnned
024 |a 099925268626 
044 |a xr 
100 1 |a  Viewegh, Michal  |4 aut 
245 1 0 |a Když se v zimě zachumláš... Pohádky do pelíšku /  |c  Viewegh, Michal 
264 1 |a Praha :  |b Supraphon a.s.,  |c 2025 
300 |a 1 online zdroj (1 hod., 17 min., 46 sek.) 
336 |a mluvené slovo  |b spw  |2 rdacontent 
337 |a audio  |b s  |2 rdamedia 
338 |a online zdroj  |b cr  |2 rdacarrier 
505 0 0 |t Pohádky z mechu a kapradí-Jak pekli kaštany (6 min., 12 sek.) 
505 0 0 |t Štuclinka a Zachumlánek-Kterak Zachumlánek se Štuclinkou přišli k bramborovému salátu (11 min., 8 sek.) 
505 0 0 |t Divoké sny Maxipsa Fíka-Jak Fík prožil své první Vánoce (8 min., 33 sek.) 
505 0 0 |t Pohádky ovčí babičky-O vlčích Vánocích (6 min., 19 sek.) 
505 0 0 |t Pohádka o narození jezulátka (Mikeš doma) (8 min., 27 sek.) 
505 0 0 |t Míša Kulička v Domě hraček-Míšovy Vánoce (7 min., 39 sek.) 
505 0 0 |t Jak Hurvínek s Máničkou čekali na Ježíška-Jak se zdobí stromeček (11 min., 19 sek.) 
505 0 0 |t Krtek a kouzelné Vánoce-Jak zvířátka zdobila vánoční stromeček (6 min., 19 sek.) 
505 0 0 |t Štědrý den (8 min., 39 sek.) 
505 0 0 |t Tichou zimní nocí (3 min., 15 sek.) 
520 2 |a Když se v zimě zachumláš... Pohádky do pelíšku To je bezvadná věc, mít takový pelíšek, do kterého se můžeš zachumlat, když je ti smutno na duši anebo je venku nevlídno, když je tu zima a brzy se stmívá a ještě je brzy na spaní... Tam se můžeš schoulit a vzít si sebou všechno, co máš rád, pomazlit panenku či medvídka, číst si knížku a nebo třeba poslouchat "Pohádky do pelíšku" - o tom, jak Křemílek a Vochomůrka pekli kaštany, o Maxipsu Fíkovi a jeho prvních Vánocích, o Vánocích Míši Kuličky, o tom, jak Hurvínek s Máničkou zdobili vánoční stromeček či jak Štuclinka a Zachumlánek přišli k bramborovému salátu a další pohádky pro tvoji "zachumlanou" chvilku. Kéž mohou mít všechny děti na světě svůj pelíšek... 
700 1 |a  Eben, Marek  |4 nrt 
700 1 |a  Gajerová, Naďa  |4 nrt 
700 1 |a  Štáchová, Helena  |4 nrt 
700 1 |a  Dvořák, Josef  |4 nrt 
700 1 |a  Bohdalová, Jiřina  |4 nrt 
700 1 |a  Hrušínský, Rudolf  |4 nrt 
910 |a RBIT002 
998 |d 426745  |a https://core.palmknihy.cz/api/books/426745/cover?telfss  |b https://core.palmknihy.cz/api/books/426745/cover/400?telfss  |c https://core.palmknihy.cz/api/books/426745/cover/50?telfss  |e 2026-05-30  |i 099925268626  |l 4666  |q 49  |r 1  |s https://www.palmknihy.cz/kniha/426745  |t audiobook  |y 2025  |z 1 
999 |d 302477